Ресурсоэффективные системы энергетики на основе энергии солнца; Ресурсоэффективные системы в управлении и контроле: взгляд в будущее; Ч. 1

Λεπτομέρειες βιβλιογραφικής εγγραφής
Parent link:Ресурсоэффективные системы в управлении и контроле: взгляд в будущее: сборник научных трудов II Международной конференции школьников, студентов, аспирантов, молодых ученых, 08 - 12 октября 2013 г./ Национальный исследовательский Томский политехнический университет (ТПУ).— , 2013
Ч. 1.— 2013.— [С. 117-118]
Κύριος συγγραφέας: Кузьмин А. С.
Συγγραφή απο Οργανισμό/Αρχή: Национальный исследовательский Томский политехнический университет (ТПУ) Институт неразрушающего контроля (ИНК) Кафедра информационно-измерительной техники (ИИТ)
Άλλοι συγγραφείς: Юрченко А. В. Алексей Васильевич (научный руководитель)
Περίληψη:Заглавие с титульного экрана
Γλώσσα:Ρωσικά
Έκδοση: 2013
Σειρά:Современные технологии в неразрушающем контроле
Θέματα:
Διαθέσιμο Online:http://www.lib.tpu.ru/fulltext/c/2013/C47/V1/041.pdf
Μορφή: Ηλεκτρονική πηγή Κεφάλαιο βιβλίου
KOHA link:https://koha.lib.tpu.ru/cgi-bin/koha/opac-detail.pl?biblionumber=603069

MARC

LEADER 00000naa2a2200000 4500
001 603069
005 20260224130530.0
035 |a (RuTPU)RU\TPU\conf\208 
035 |a RU\TPU\conf\207 
090 |a 603069 
100 |a 20131209d2013 k y0rusy50 ca 
101 0 |a rus 
102 |a RU 
135 |a drnn ---uucaa 
181 0 |a i  
182 0 |a b 
200 1 |a Ресурсоэффективные системы энергетики на основе энергии солнца  |f А. С. Кузьмин  |g науч. рук. А. В. Юрченко 
203 |a Текст  |c электронный 
225 1 |a Современные технологии в неразрушающем контроле 
300 |a Заглавие с титульного экрана 
320 |a [Библиогр.: с. 118 (5 назв.)] 
337 |a Adobe Reader 
461 1 |0 (RuTPU)RU\TPU\conf\171  |t Ресурсоэффективные системы в управлении и контроле: взгляд в будущее  |o сборник научных трудов II Международной конференции школьников, студентов, аспирантов, молодых ученых, 08 - 12 октября 2013 г.  |o в 4 ч.  |f Национальный исследовательский Томский политехнический университет (ТПУ)  |d 2013 
463 1 |0 (RuTPU)RU\TPU\conf\172  |t Ч. 1  |v [С. 117-118]  |d 2013 
610 1 |a труды учёных ТПУ 
610 1 |a электронный ресурс 
610 1 |a ресурсы 
610 1 |a эффективные системы 
610 1 |a энергетика 
610 1 |a энергия солнца 
700 1 |a Кузьмин  |b А. С. 
702 1 |a Юрченко  |b А. В.  |c российский физик  |c профессор Томского политехнического университета, кандидат технических наук  |f 1974-  |g Алексей Васильевич  |4 727 
712 0 2 |a Национальный исследовательский Томский политехнический университет (ТПУ)  |b Институт неразрушающего контроля (ИНК)  |b Кафедра информационно-измерительной техники (ИИТ)  |3 (RuTPU)RU\TPU\col\18718 
801 2 |a RU  |b 63413507  |c 20131209  |g RCR 
856 4 |u http://www.lib.tpu.ru/fulltext/c/2013/C47/V1/041.pdf 
942 |c BK